000 01128cam a2200325 a 4500
001 13009
003 BD-RjUL
005 20211208235405.0
008 980326s1998 caua b 001 0 eng
020 _a9780120502578
020 _a97881472045
020 _a0120502577
035 _a(BD-RjUL)13059
040 _aDLC
_cDLC
_dDLC
_dBD-RjUL
_beng
041 _aeng
082 0 0 _a515
_221
_bALP 2011
100 1 _aAliprantis, Charalambos D.
_940549
245 1 0 _aPrinciples of real analysis /
_cCharalambos D. Aliprantis and Owen Burkinshaw.
250 _a3rd ed.
260 _aSan Diego :
_bAcademic Press,
_cc1998 [ Reprinted 2011].
300 _ax, 415 p. :
_bill. ;
_c22 cm.
504 _aIncludes bibliographical references (p. 399-400) and index.
650 0 _aMathematical analysis.
_940550
650 0 _aFunctions of real variables.
_920677
700 1 _aBurkinshaw, Owen.
_940551
856 4 2 _3Publisher description
_uhttp://www.loc.gov/catdir/description/els033/98003955.html
856 4 1 _3Table of contents
_uhttp://www.loc.gov/catdir/toc/els032/98003955.html
942 _2ddc
_cBK
999 _c13009
_d13009